Normal view
MARC view
Entry Nombre personal
001 - NÚMERO DE CONTROL
- campo de control: 111685
003 - IDENTIFICADOR DE NÚMERO DE CONTROL
- campo de control: OSt
005 - FECHA Y HORA DE LA ÚLTIMA TRANSACCIÓN
- campo de control: 20260422104538.0
008 - ELEMENTOS DE DATO DE LONGITUD-FIJA
- campo de control de longitud fija: 260422|| aca||aabn | a|a d
024 8# - IDENTIFICADOR DE OTROS ESTÁNDARES
- Número estándar o código: https://historia-hispanica.rah.es/biografias/4122-jose-de-arias
040 ## - FUENTE DE CATALOGACIÓN
- Centro catalogador/agencia de origen: M-RABA
046 ## - FECHAS CON CODIFICACIÓN ESPECIAL
- Fecha de nacimiento: 1743
- Fecha de la muerte: 1788
100 1# - ENCABEZAMIENTO-NOMBRE DE PERSONA
- Nombre de persona: Arias, José de
- Fechas asociadas al nombre: (1743-2788)
370 ## - LUGAR ASOCIADO
- Lugar de nacimiento: Madrid
- Lugar de fallecimiento: México
372 ## - CAMPO DE ACTIVIDAD
- Campo de actividad: Escultura
374 ## - OCUPACIÓN
- Ocupación: Escultor
375 ## - GÉNERO/SEXO
- Género: Masculino
670 ## - FUENTE DE DATOS ENCONTRADOS
- Cita de la fuente: WWW RAH, 22/04/2026
- Información encontrada: (José de Arias)